FIFA 25 ARSENAL PLAYER BY PICTURE - Statistics

General Stats
  • This quiz has been taken 114 times
  • The average score is 17 of 20
Answer Stats
Picture Answer % Correct
Bukayo Saka
100%
Kai Havertz
97%
Declan Rice
93%
David Raya
92%
Martin Ødegaard
91%
Gabriel Martinelli
90%
Gabriel Jesus
89%
Jorginho
86%
Raheem Sterling
86%
William Saliba
85%
Thomas Partey
84%
Gabriel
82%
Leandro Trossard
82%
Oleksandr Zinchenko
82%
Benjamin White
80%
Mikel Merino
77%
Riccardo Calafiori
75%
Jurriën Timber
73%
Takehiro Tomiyasu
68%
Kieran Tierney
54%
No matching quizzes found
Score Distribution
Percent of People with Each Score
Percentile by Number Answered
Your Score History
You have not taken this quiz